The misfits / (Record no. 3405)

MARC details
000 -LEADER
fixed length control field 00758nam a22002417a 4500
001 - CONTROL NUMBER
control field 3405
003 - CONTROL NUMBER IDENTIFIER
control field FISKH
005 - DATE AND TIME OF LATEST TRANSACTION
control field 20240305152302.0
008 - FIXED-LENGTH DATA ELEMENTS--GENERAL INFORMATION
fixed length control field 240301b cb ||||| |||| 00| 0 eng d
040 ## - CATALOGING SOURCE
Original cataloging agency FISK
Language of cataloging eng
Transcribing agency FISK
Modifying agency FISK
050 ## - LIBRARY OF CONGRESS CALL NUMBER
Classification number PZ7.H83727
082 ## - DEWEY DECIMAL CLASSIFICATION NUMBER
Classification number 813.54
100 ## - MAIN ENTRY--PERSONAL NAME
Personal name Howe James :
Dates associated with a name 1946-
245 ## - TITLE STATEMENT
Title The misfits /
Statement of responsibility, etc. James Howe
260 ## - PUBLICATION, DISTRIBUTION, ETC.
Place of publication, distribution, etc. New York :
Name of publisher, distributor, etc. James Howe,
Date of publication, distribution, etc. 2003
300 ## - PHYSICAL DESCRIPTION
Extent 274 pages :
Dimensions 20 cm
505 ## - FORMATTED CONTENTS NOTE
Formatted contents note U
520 ## - SUMMARY, ETC.
Summary, etc. Four students who do not fit in at their small-town middle school decide to create a third party for the student council elections to represent all students who have ever been called names.
521 8# - TARGET AUDIENCE NOTE
Target audience note 960
Source Lexile
700 ## - ADDED ENTRY--PERSONAL NAME
Personal name James Howe
942 ## - ADDED ENTRY ELEMENTS (KOHA)
Source of classification or shelving scheme Dewey Decimal Classification
Koha item type Books
Suppress in OPAC No
Holdings
Withdrawn status Lost status Source of classification or shelving scheme Damaged status Not for loan Collection Home library Current library Shelving location Date acquired Total Checkouts Full call number Barcode Date last seen Date last checked out Copy number Price effective from Koha item type
    Dewey Decimal Classification     Fiction Footprints International School Library Network Toul Kork Campus Footprints International School Library Network Toul Tom Poung Campus TTP Secondary Fiction Bookshelves 03/01/2024 1 HOW PZ7.H83727 813.54 2024-0165 03/26/2026 02/03/2026 1 03/01/2024 Books